000 00574nam a2200193Ia 4500
003 GCL
008 140319s9999 xx 000 0 ara d
040 _aGCL /
_cGCL
082 0 4 _a414.3
_bش ت
100 1 _aشفيع السيد
245 1 0 _a"التعبير البيانى ""رؤية بلاغية نقدية""" /
_cشفيع السيد
260 _a[S.N] :
_bدار الفكر العربى ،
_c1995
300 _a190 ص
490 _a
650 0 4 _aاللغة العربية
650 0 4 _aالبلاغة العربية
650 0 4 _aالبيان
942 _2ddc
_cBK
999 _c32331
_d32331